Précis de thérapeutique chirurgicale / (Record no. 48434)

MARC details
000 -LEADER
campo de control de longitud fija 00529nam a2200181 i 4500
001 - NÚMERO DE CONTROL
campo de control 48434
003 - IDENTIFICADOR DE NÚMERO DE CONTROL
campo de control ES-MaACL
005 - FECHA Y HORA DE LA ÚLTIMA TRANSACCIÓN
campo de control 20230906161742.0
007 - CAMPO FIJO DE DESCRIPCIÓN FÍSICA--INFORMACIÓN GENERAL
campo de control de longitud fija t|
008 - DATOS DE LONGITUD FIJA--INFORMACIÓN GENERAL
campo de control de longitud fija 950718s1882 fr ||||1| fre d
040 ## - FUENTE DE CATALOGACIÓN
Centro catalogador/agencia de origen CAM
Lengua de catalogación spa
Centro/agencia transcriptor CAM
100 1# - ENTRADA PRINCIPAL--NOMBRE DE PERSONA
Nombre de persona Decaye, Paul.
9 (RLIN) 43156
245 10 - MENCIÓN DEL TÍTULO
Título Précis de thérapeutique chirurgicale /
Mención de responsabilidad, etc. par Paul Decaye.
260 ## - PUBLICACIÓN, DISTRIBUCIÓN, ETC.
Lugar de publicación, distribución, etc. Paris :
Nombre del editor, distribuidor, etc. J.B.Baillière,
Fecha de publicación, distribución, etc. 1882 (
Lugar de fabricación/manufactura Corbeil :
Fabricante Creté)
300 ## - DESCRIPCIÓN FÍSICA
Extensión XI, 572 p. ;
Dimensiones 19 cm.
650 04 - PUNTO DE ACCESO ADICIONAL DE MATERIA--TÉRMINO DE MATERIA
Término de materia o nombre geográfico como elemento de entrada Terapéutica quirúrgica.
9 (RLIN) 17480
852 ## - LOCALIZACIÓN
Ubicación ES-MaACL
Número de control de estantería F-10934
Holdings
Estatus retirado Estado de pérdida Estado de daño No para préstamo Colección Biblioteca de origen Biblioteca actual Ubicación en estantería Fecha de adquisición Fuente de adquisición Total de préstamos Signatura topográfica completa Código de barras Visto por última vez Precio de reemplazo Tipo de ítem Koha
        Libros del s. XIX Biblioteca del Ateneo de Madrid Biblioteca del Ateneo de Madrid Sala Pecera Planta 2 17/01/2008     F-10934 1050970 23/02/2023 23/02/2023 Libro impreso antiguo